Statistiques concernant Culture Générale - Série 1998

Cliquez ici pour prendre le quiz!

Statistiques générales

  • Ce quiz a été pris 143 fois
  • Le résultat moyen est 3 sur 10

Statistiques - réponses

QuestionRéponse% Correct
De quel pays Santiago est-il la capitale ?Chili
97%
A quelle espèce de reptile appartient le "dragon de Komodo" ?varan
50%
Quelle était la profession de Louis le Vau (1612-1670) ?architecte
42%
De quel fleuve l'Olt est-il un affluent ?Danube
34%
Dans quel pays africain l'Allemagne a-t-elle exercé de 1884 à 1920 son emprise coloniale ?Namibie
29%
Dans quelle ancienne ville d'Anatolie s'est déroulé le premier concile oecuménique ? voir photoNicée
17%
Quel est le nom de scène de Juan Moreno y Herrera-Jiménez ?Jean Reno
16%
Comment appelle-t-on familièrement une grosse pipe à tuyau court ?bouffarde
9%
De quel pays l'Imerina est-elle une région ?Madagascar
5%
Comment appelle-t-on une fine toile de lin ?linon
2%

Distribution des résultats

Percentile par nombre de réponses

% des personnes avec chaque résultat

Votre développement - résultats

Vous n’avez pas pris ce quiz